书目信息 |
| 题名: |
英语学术论文写作
|
|
| 作者: | 塞佛 , 吴古华 著 | |
| 分册: | ||
| 出版信息: | 北京 高等教育出版社 1998.8 |
|
| 页数: | 204页 | |
| 开本: | 20cm | |
| 丛书名: | ||
| 单 册: | ||
| 中图分类: | H315 | |
| 科图分类: | ||
| 主题词: | 英语 | |
| 电子资源: | ||
| ISBN: | 7-04-006834-6 | |
| 000 | 00588nam0 2200205 45 | |
| 001 | 0235693242 | |
| 005 | 2002122309545294 | |
| 010 | @a7-04-006834-6@dRMB 11.00 | |
| 100 | @a20021223d1998 km y0chiy0120 ea | |
| 101 | 0 | @achi |
| 102 | @aCN@b110000 | |
| 200 | 1 | @a英语学术论文写作@Aying yu xue shu lun wen xie zuo@f(美)塞佛,吴古华著@F(mei)sai fo,wu gu hua zhu |
| 210 | @a北京@c高等教育出版社@d1998.8 | |
| 215 | @a204页@d20cm | |
| 606 | 0 | @a英语 |
| 690 | @aH315@v3 | |
| 701 | 0 | @a塞佛@Asai fo@4著 |
| 701 | 0 | @a吴古华@Awu gu hua@4著 |
| 801 | 0 | @aCN@bPFT@c20021223 |
| 905 | @a10447@dH315@eS011 | |
| 英语学术论文写作/(美)塞佛,吴古华著.-北京:高等教育出版社,1998.8 |
| 204页;20cm |
| ISBN 7-04-006834-6:RMB 11.00 |
| ● |
| 相关链接 |
|
|
|
正题名:英语学术论文写作
索取号:H315/S011
 
预约/预借
| 序号 | 登录号 | 条形码 | 馆藏地/架位号 | 状态 | 备注 |
| 1 | 363798 | 203637984 | 语言库209/209语言库 37排6列4层/ [索取号:H315/S011] | 在馆 | |
| 2 | 363799 | 203637993 | 语言库209/209语言库 37排6列4层/ [索取号:H315/S011] | 在馆 | |
| 3 | 363800 | 203638000 | 语言库209/209语言库 37排6列4层/ [索取号:H315/S011] | 在馆 |